Normal view
MARC view
- Lowe, P G
Entry Personal Name
001 - CONTROL NUMBER
- control field: 7558
003 - CONTROL NUMBER IDENTIFIER
- control field: OSt
005 - DATE AND TIME OF LATEST TRANSACTION
- control field: 20250610115321.0
008 - FIXED-LENGTH DATA ELEMENTS
- fixed length control field: 250610|| aca||aabn | a|a d
040 ## - CATALOGING SOURCE
- Original cataloging agency: OSt
- Transcribing agency: OSt
100 ## - HEADING--PERSONAL NAME
- Personal name: Lowe, P G
670 ## - SOURCE DATA FOUND
- Source citation: Work cat.: (OSt)1859: Lowe, P G ., Classical theory of structures based on the differential equation, Part 1&2 / , 1971.
